A dictionary of law / (Record no. 21657)

MARC details
000 -LEADER
fixed length control field 01714cam a22003015a 4500
001 - CONTROL NUMBER
control field 18228688
005 - DATE AND TIME OF LATEST TRANSACTION
control field 20201128023727.0
008 - FIXED-LENGTH DATA ELEMENTS--GENERAL INFORMATION
fixed length control field 140716s2015 enk frd f000 0 eng d
010 ## - LIBRARY OF CONGRESS CONTROL NUMBER
LC control number 2014946124
020 ## - INTERNATIONAL STANDARD BOOK NUMBER
International Standard Book Number 9780199664924 (pbk.)
040 ## - CATALOGING SOURCE
Original cataloging agency DLC
Language of cataloging eng
Transcribing agency DLC
Modifying agency EG-ScBUE
043 ## - GEOGRAPHIC AREA CODE
Geographic area code e-uk---
082 04 - DEWEY DECIMAL CLASSIFICATION NUMBER
Classification number 349.4103
Item number DIC
Edition number 22
245 02 - TITLE STATEMENT
Title A dictionary of law /
Statement of responsibility, etc edited by Jonathan Law, editor of the earlier editions Elizabeth A. Martin.
246 34 - VARYING FORM OF TITLE
Title proper/short title Oxford dictionary of law
250 ## - EDITION STATEMENT
Edition statement 8th ed.
260 ## - PUBLICATION, DISTRIBUTION, ETC. (IMPRINT)
Place of publication, distribution, etc Oxford :
Name of publisher, distributor, etc Oxford University Press,
Date of publication, distribution, etc 2015.
300 ## - PHYSICAL DESCRIPTION
Extent 677 p. ;
Dimensions 20 cm.
490 0# - Series Statement
Series statement Oxford quick reference
500 ## - GENERAL NOTE
General note Visit online Oxford quick reference to discover additional online resources.
520 ## - SUMMARY, ETC.
Summary, etc "Written in clear, jargon-free language, this dictionary will be indispensable to anyone without a legal qualification who comes into contact with the law. Substantially revised and expanded for this fourth edition, it is an ideal reference book for lawyers, students, and secretaries in the UK or any Commonwealth country where the legal system is founded on English law." "Over 3,500 entries defining and explaining the major terms, concepts, processes, and organization of the law; authoritative and up to data - compiled by practising lawyers; and major areas of revision include European law, the Internet, world trade, divorce law, local government, property law, consumer and data protection, and criminal law."
650 #7 - SUBJECT ADDED ENTRY--TOPICAL TERM
Topical term or geographic name as entry element Law
Geographic subdivision Great Britain
Form subdivision Dictionaries.
Source of heading or term BUEsh
9 (RLIN) 2159
651 ## - SUBJECT ADDED ENTRY--GEOGRAPHIC NAME
Source of heading or term BUEsh
653 ## - INDEX TERM--UNCONTROLLED
Resource For college BAEPS, Political Science
-- Law
Arrived date list April2016
700 1# - ADDED ENTRY--PERSONAL NAME
Personal name Law, Jonathan.
Relator term editor.
9 (RLIN) 7244
700 1# - ADDED ENTRY--PERSONAL NAME
9 (RLIN) 7243
Personal name Martin, E. A.
Fuller form of name (Elizabeth A.)
Relator term editor.
942 ## - ADDED ENTRY ELEMENTS (KOHA)
Source of classification or shelving scheme Dewey Decimal Classification
Holdings
Withdrawn status Item status Source of classification or shelving scheme Damaged status Not for loan Vendor Home library Current library Shelving location Date acquired Source of acquisition Cost, normal purchase price Total Checkouts Total Renewals Full call number Barcode Date last seen Date last borrowed Cost, replacement price Koha item type
    Dewey Decimal Classification     Alahram Central Library Central Library Ground Floor 19/04/2016 Purchase 122.00 3 1 349.4103 DIC 000032368 15/07/2025 25/08/2022 152.50 Book - Borrowing